| 000 | 00329pam a2200121a 44500 | ||
|---|---|---|---|
| 008 | 230405s2005 xxu||||| |||| 00| 0 eng d | ||
| 041 | _aENG | ||
| 100 | _aSINGHVI I/ BHAITA N/ BHATIA M | ||
| 245 | _aCONCISE PHARMACEUTICAL INORGANIC CHEMISTRY | ||
| 260 |
_a _bAPEX PUBLISHING HOUSE JAIPUR _c2005 |
||
| 300 | _a176 | ||
| 906 | _a5005 | ||
| 999 |
_c280276 _d280276 |
||